• 首页
  • 本馆介绍
  • 公告通知
  • 最新文献
  • 馆藏检索
  • 电子资源
  • 读者导购
  • 参考咨询
  • 我的图书馆
  • 登录
  • 详细信息显示
  • 放入我的书架
  • 预约/预借图书
  • 作者相关作品
  • 分类相关作品
  • 丛书相关作品
  • 出版社相关作品

书目信息

  • 表格格式
  • 工作单格式
  • 卡片格式
书名: Chemistry
作者: George M. Bodner, Lyman H. Rickard, James N. Spencer.
分册号:
分册名:
出版地: New York :
 
出版社: Wiley
出版时间: c1996.
页数: 2 v. :
开本: 28 cm.
丛书名:
中图分类号:
科图分类号:
其他分类号: O621.1
主题词:
电子资源: http://www.loc.gov/catdir/enhancements/fy0706/95023042-d.html      http://www.loc.gov/catdir/toc/onix02/95023042.html     
000 01356cam a2200349 a 450
001 E0752200917
005 20070422143421.53
008 950530s1996 nyua b 001 0 eng
010    @a95023042@z95037994
020    @a0471128155 (v. 1 : pbk. : alk. paper).
020    @a0471142786 (v. 2 : pbk. : alk. paper).
035    @A(DLC) 95023042
040    @aDLC@cDLC@dDLC
050 00 @aQD33@b.B686 1996
082 00 @a540@2 20
090    @aO621.1
099    @dO621.1@ex19
100 1  @aBodner, George M.
245 10 @aChemistry :@bstructure and dynamics / @cGeorge M. Bodner, Lyman H. Rickard, James N. Spencer.
250    @aPrelim. ed.
260    @aNew York :@bWiley,@cc1996.
300    @a2 v. :@bill. ;@c28 cm.
504    @aIncludes bibliographical references and index.
505 0  @a[1] Core text -- [2] Modular chapters.
650  0 @aChemistry.
700 1  @aRickard, Lyman H.
700 1  @aSpencer, James N.@q(James Nelson),@d1941-
856 42 @3 Publisher description@uhttp://www.loc.gov/catdir/enhancements/fy0706/95023042-d.html
856 4  @3 Table of Contents@uhttp://www.loc.gov/catdir/toc/onix02/95023042.html
906    @a7@bcbc@corignew@d1@eocip@f19@gy-gencatlg
955    @apc05 to ja00 05-30-95; jd99 (desc/subj) 05-30-95;; jd85 06-01-95; CIP ver. pv08 10-04-95
991    @bc-GenColl@hQD33@i.B686 1996@tCopy 1@wBOOKS
    
    Chemistry : : structure and dynamics / / George M. Bodner, Lyman H. Rickard, James N. Spencer.-Prelim. ed.-New York : : Wiley, , c1996.
    2 v. : : ill. ; ; 28 cm.
    Includes bibliographical references and index.-[1] Core text -- [2] Modular chapters.
    
    ISBN 0471128155 (v. 1 : pbk. : alk. paper).
    
●
相关链接 在E读中查询图书 在五车中查询图书 在当当中查询图书 在豆瓣中查询图书


正题名:Chemistry     索取号:O621.1/x19         预约/预借

序号 登录号 条形码 馆藏地/架位号 状态 备注
1 0004497   300044976   第二样本阅览室/ [索取号:O621.1/x19] 在馆    
2 0004498   300044985   第四借阅区/ [索取号:O621.1/x19] 在馆    
唐山师范学院图书馆 欢迎您!
大连网信软件有限公司© 版权所有